[Event "94th ch-GBR"]
[Site "Great Yarmouth ENG"]
[Date "2007.08.09"]
[Round "10"]
[White "Briscoe,C"]
[Black "Snape,I"]
[Result "1-0"]
[WhiteElo "2224"]
[BlackElo "2255"]

1.e4 c5 2.Nf3 d6 3.Bb5+ Bd7 4.Bxd7+ Qxd7 5.O-O Nc6 6.c3 Nf6 7.d4 Nxe4 8.d5 Ne5
9.Re1 Nxf3+ 10.Qxf3 Nf6 11.c4 e5 12.dxe6 fxe6 13.Bg5 Be7 14.Nc3 h6 15.Bh4 O-O
16.Qh3 Kf7 17.f4 Rad8 18.Rad1 Rg8 19.g4 g5 20.fxg5 hxg5 21.Bg3 Qc6 22.Qf1 d5
23.Be5 Kg6 24.Bxf6 Bxf6 25.cxd5 exd5 26.Qf5+ Kf7 27.Nxd5 Rd6 28.Nxf6 Rxf6
29.Rd7+ Kf8 30.Rd8+ Kf7 31.Rd7+ Kf8 32.Rd8+ Kf7 33.Qh7+ Rg7 34.Qh8 Rh6 35.Qf8+ Kg6
36.Qf5+  1-0

[Event "94th ch-GBR"]
[Site "Great Yarmouth ENG"]
[Date "2007.08.09"]
[Round "10"]
[White "Walker,Mart"]
[Black "Hanley,Ja"]
[Result "1-0"]
[WhiteElo "2262"]
[BlackElo "2213"]

1.e4 c5 2.Nf3 d6 3.Bb5+ Nc6 4.O-O Bd7 5.Qe2 e5 6.c3 Nf6 7.Rd1 a6 8.Bxc6 Bxc6
9.d4 Qc7 10.d5 Bd7 11.a4 g6 12.c4 Bg7 13.Nc3 O-O 14.h3 Rae8 15.Be3 Kh8 16.a5 Ng8
17.b4 cxb4 18.Bb6 Qc8 19.Na2 b3 20.Nc1 b2 21.Qxb2 f5 22.Qa3 Qxc4 23.Qxd6 fxe4
24.Nd2 Qc2 25.Ncb3 e3 26.Bxe3 Bc8 27.Rac1 Qf5 28.Nf1 Rd8 29.Qb6 Nf6 30.Ng3 Qd7
31.d6 Qf7 32.Bg5 Be6 33.Bxf6 Qxf6 34.Ne4 Qf4 35.Nbc5 Bf5 36.Qxb7 Rb8 37.Qd5 Rb2
38.d7 Bxe4 39.Nxe4 Rbb8 40.Rc2 Qf5 41.Rc3 Rfd8 42.Rf3 Qh5 43.Qe6  1-0

[Event "Agentura 64 Cup IMB"]
[Site "Olomouc CZE"]
[Date "2007.08.09"]
[Round "11"]
[White "Kulovana,E"]
[Black "Neerforth,P"]
[Result "1/2-1/2"]
[WhiteElo "2276"]
[BlackElo "2246"]

1.e4 c5 2.Nf3 d6 3.Bb5+ Bd7 4.Bxd7+ Qxd7 5.O-O Nf6 6.Qe2 Nc6 7.c3 e6 8.d4 cxd4
9.cxd4 d5 10.e5 Ne4 11.Be3 Be7 12.Ne1 f6 13.f3 Ng5 14.Nd3 fxe5 15.Nxe5 Nxe5
16.dxe5 O-O 17.Nd2 Nf7 18.f4 Nd8 19.Nb3 Nc6 20.Rad1 b6 21.Kh1 Rac8 22.a3 g6
23.Qg4 Bd8 24.Rf3 a5 25.h4 a4 26.Nd4 Nxd4 27.Bxd4 Qf7 28.h5 Qf5 29.Qxf5 gxf5
30.g4 fxg4 31.Rg1 Rc1 32.Rxc1 gxf3 33.Be3 Be7 34.Kg1 Bc5 35.Kf2 d4 36.Bd2 Rf5
37.Rh1 d3+ 38.Kxf3 Bd4 39.Bc3 Bxc3 40.bxc3 d2 41.Kg4 Rf8 42.Rd1 Rd8 43.c4 Rd3
44.Kg5 Kg7 45.f5 h6+ 46.Kf4 exf5 47.Kxf5 Kf7 48.Ke4 Rd8 49.Ke3 Ke6 50.Rxd2 Rxd2
51.Kxd2 Kxe5 52.Ke3 Kd6 53.Kd4 Kc6 54.Kd3 Kd6 55.Kd4 Kc6 56.Kd3  1/2-1/2

[Event "ch-Euro Rapid Women"]
[Site "Predeal ROM"]
[Date "2007.08.09"]
[Round "8"]
[White "Bulmaga,I"]
[Black "Motoc,A"]
[Result "0-1"]
[WhiteElo "2158"]
[BlackElo "2289"]

1.e4 c5 2.Nf3 d6 3.Bb5+ Nc6 4.Bxc6+ bxc6 5.e5 g6 6.O-O Bg7 7.exd6 exd6 8.d4 cxd4
9.Nxd4 Ne7 10.Bg5 f6 11.Bf4 d5 12.Nd2 O-O 13.N2b3 g5 14.Be3 Qd6 15.Ne2 a5
16.a4 h6 17.Bc5 Qc7 18.Ned4 Rf7 19.Re1 Ng6 20.Re8+ Kh7 21.Qd3 f5 22.Rae1 Ne5
23.Qe2 Ba6 24.Ne6 Qd7 25.Nxg5+ Kg6 26.Rxa8 Bxe2 27.Nxf7 Qxf7 28.Rxe2 f4 29.f3 Nc4
30.Ra7 Qf5 31.Bd4 Bf8 32.Nc5 Ne3 33.Nd3 Nxc2 34.Rxc2 Qxd3 35.Rxc6+ Kh5 36.Rd7 Qxd4+
37.Kf1 Bc5 38.Ke1 Bb4+ 39.Rc3 Bxc3+ 40.bxc3 Qxc3+ 41.Ke2 Qe3+ 42.Kd1 Qb3+
43.Ke2 Qa2+ 44.Kf1 d4 45.Rd6 Qb1+ 46.Kf2 Qc2+ 47.Kf1 d3 48.g4+ fxg3 49.hxg3 Qe2+
50.Kg1 Qxf3  0-1

[Event "Open"]
[Site "Callao PER"]
[Date "2007.08.10"]
[Round "3"]
[White "Soto,Jor"]
[Black "Aliaga Fernandez,I"]
[Result "1-0"]
[WhiteElo "2341"]
[BlackElo "2065"]

1.e4 c5 2.Nf3 d6 3.Bb5+ Bd7 4.a4 Nf6 5.Qe2 Nc6 6.O-O e6 7.c3 a6 8.Bc4 Be7
9.d3 O-O 10.Nbd2 Rb8 11.d4 d5 12.Bd3 cxd4 13.e5 Ne8 14.Nxd4 Qc7 15.N2f3 g6
16.Bh6 Ng7 17.Rfe1 Rbe8 18.h4 f6 19.Nxc6 Bxc6 20.h5 f5 21.hxg6 hxg6 22.Qd2 Kf7
23.Nd4 Bd8 24.b4 Rh8 25.b5 axb5 26.axb5 Bd7 27.Nf3 Bc8 28.Rac1 Rh7 29.g3 Reh8
30.Bg5 Rh5 31.c4 d4 32.c5 Qd7 33.Bc4 Bxg5 34.Nxg5+ Ke8 35.Nf3 g5 36.Kg2 g4
37.Nh4 f4 38.Qxf4 Nf5 39.Nxf5 Rxf5 40.Qxg4 Qf7 41.Rf1  1-0

[Event "Tsiolkovsky Mem"]
[Site "Kaluga RUS"]
[Date "2007.08.10"]
[Round "7"]
[White "Provotorov,A"]
[Black "Vorobjev,D"]
[Result "1-0"]
[WhiteElo "2375"]
[BlackElo "2106"]

1.e4 c5 2.Nf3 d6 3.Bb5+ Nd7 4.c3 Nf6 5.Qe2 Qc7 6.O-O a6 7.Ba4 b5 8.Bc2 Ne5
9.Nxe5 dxe5 10.d3 e6 11.a4 Rb8 12.axb5 axb5 13.f4 Bd6 14.d4 cxd4 15.cxd4 exd4
16.Bd3 Nd7 17.Na3 Bc5 18.Kh1 b4 19.Nc4 O-O 20.Bd2 Bb7 21.Rac1 Rfc8 22.e5 Qd8
23.f5 Nf8 24.Qg4 exf5 25.Rxf5 Rc7 26.Rcf1 Bc8 27.h4 Bxf5 28.Rxf5 Qd7 29.Qg3 Ra8
30.h5 Ra1+ 31.Kh2 Rc6 32.Rg5 g6 33.Rg4 Be7 34.b3 Rca6 35.Rf4 Rd1 36.Rxf7 Raa1
37.Qf4 Rh1+ 38.Kg3 Bh4+ 39.Qxh4 Qxf7 40.Qf6 Qxf6 41.exf6 Kf7 42.hxg6+ Kxf6
43.Bg5+  1-0

[Event "12th WY U16 Ol"]
[Site "Singapore SIN"]
[Date "2007.08.10"]
[Round "8"]
[White "Toh Li Cheng"]
[Black "Omarsson,D"]
[Result "0-1"]
[WhiteElo "1864"]
[BlackElo "1951"]

1.e4 c5 2.Nf3 d6 3.Bb5+ Bd7 4.Bxd7+ Qxd7 5.O-O Nf6 6.Re1 Nc6 7.c4 g6 8.d4 cxd4
9.Nxd4 Bg7 10.Nc3 O-O 11.Be3 Ng4 12.Nc2 Nxe3 13.Nxe3 Rfd8 14.Rc1 Qc7 15.Ned5 Qd7
16.Qd2 e6 17.Ne3 a6 18.Red1 Qc7 19.b3 Qa5 20.Ng4 Qh5 21.Qf4 f5 22.exf5 exf5
23.Ne3 Be5 24.Qf3 Bxh2+ 25.Kh1 Qxf3 26.gxf3 Be5 27.Ncd5 f4 28.Ng4 Kf7 29.Kg2 h5
30.Nh2 Nd4 31.Re1 Rac8 32.Nf1 g5 33.Re4 b5 34.c5 Ke6 35.Nb4 Rxc5 36.Rxc5 dxc5
37.Nxa6 c4 38.bxc4 bxc4 39.Nd2 Rc8 40.Re1 c3 41.Ne4 g4 42.fxg4 hxg4 43.Nec5+ Kf5
44.Nd3 f3+ 45.Kf1 Bd6 46.Nab4 Rh8 47.Kg1 Bxb4 48.Nxb4 Ne2+ 49.Rxe2 fxe2 50.Nc2 Re8
51.Ne1 Rd8 52.f3 gxf3 53.Kf2 Ke4 54.a4 Ra8 55.a5 Rxa5 56.Nc2 Rg5 57.Ne1 Rg2+
58.Nxg2 fxg2  0-1

[Event "12th WY U16 Ol"]
[Site "Singapore SIN"]
[Date "2007.08.12"]
[Round "10"]
[White "Toh Li Cheng"]
[Black "Sen,S"]
[Result "0-1"]
[WhiteElo "1864"]
[BlackElo "2045"]

1.e4 c5 2.Nf3 d6 3.Bb5+ Bd7 4.Bxd7+ Nxd7 5.c4 e5 6.Nc3 g6 7.d3 Bg7 8.O-O Ne7
9.Bg5 f6 10.Bh4 O-O 11.Ne1 Nb8 12.Qg4 Kh8 13.Nc2 Nbc6 14.Ne3 f5 15.Qh3 Qe8
16.Bxe7 Nxe7 17.Ned5 Nxd5 18.Nxd5 Qf7 19.a3 a5 20.Rac1 f4 21.Rc3 a4 22.Rb1 g5
23.b4 h5 24.g4 fxg3 25.Qxg3 h4 26.Qg2 g4 27.Ne3 cxb4 28.Rxb4 Bh6 29.Nf1 h3
30.Qg3 Qh5 31.Kh1 Rf3 32.Qg1 Qf7 33.Rb2 Rf8 34.Rcc2 Qf4 35.Ng3 Rxd3 36.Qf1 Qf3+
37.Kg1 Rd1  0-1

[Event "RC Sport Open"]
[Site "Ceska Trebova CZE"]
[Date "2007.08.13"]
[Round "5"]
[White "Vymazal,B"]
[Black "Stocek,J"]
[Result "0-1"]
[WhiteElo "2273"]
[BlackElo "2572"]

1.e4 c5 2.Nf3 d6 3.Bb5+ Nd7 4.d4 cxd4 5.Qxd4 a6 6.Bxd7+ Bxd7 7.Nc3 e5 8.Qd3 h6
9.O-O Rc8 10.a4 Nf6 11.Be3 Be7 12.a5 Be6 13.Rfd1 O-O 14.Bb6 Qd7 15.Rac1 Rfe8
16.Nb1 Qc6 17.Nc3 Bf8 18.Nd5 Bxd5 19.exd5 Qa4 20.Qf5 Qb4 21.b3 Be7 22.c4 Qxb3
23.Nd2 Qa4 24.c5 Nxd5 25.Nc4 Nf4  0-1

[Event "New England Masters"]
[Site "Peabody USA"]
[Date "2007.08.13"]
[Round "1"]
[White "Vicary,E"]
[Black "Robson,R"]
[Result "1/2-1/2"]
[WhiteElo "2148"]
[BlackElo "2347"]

1.e4 c5 2.Nf3 d6 3.Bb5+ Bd7 4.Bxd7+ Qxd7 5.c4 Nf6 6.Nc3 g6 7.d4 cxd4 8.Nxd4 Bg7
9.f3 O-O 10.Be3 Nc6 11.Nde2 Rac8 12.O-O Qd8 13.Qd2 a6 14.Rfd1 Nd7 15.Rac1 Qa5
16.Nd5 Qxa2 17.Nd4 Nxd4 18.Nxe7+ Kh8 19.Bxd4 Rxc4 20.Bxg7+ Kxg7 21.Rxc4 Qxc4
22.Qxd6 Qc5+ 23.Qxc5 Nxc5 24.b4 Re8 25.Nd5 Ne6 26.Rc1 Rd8 27.Kf2 h5 28.Ke3 Re8
29.Nc7 Re7 30.Nd5 Re8 31.f4 Rd8 32.Rc4 Rd7 33.Rc8 Rd6 34.g3  1/2-1/2

[Event "New England Masters"]
[Site "Peabody USA"]
[Date "2007.08.13"]
[Round "1"]
[White "Enkin,M"]
[Black "Rensch,D"]
[Result "1-0"]
[WhiteElo "2213"]
[BlackElo "2400"]

1.e4 c5 2.Nf3 d6 3.Bb5+ Bd7 4.Bxd7+ Qxd7 5.c4 Nc6 6.d4 cxd4 7.Nxd4 g6 8.Nc3 Bg7
9.Nde2 Rc8 10.O-O Nf6 11.f3 O-O 12.Be3 e6 13.Qd2 Rfd8 14.Rfd1 b6 15.Bg5 Qe8
16.Rac1 Rd7 17.Ng3 Qf8 18.Bf4 h6 19.h4 Rcd8 20.Qe1 Kh7 21.Nb5 Ne8 22.Rd2 Qh8
23.Qf2 Na5 24.Be3 Rc8 25.b3 Nc6 26.Rcd1 Rcd8 27.f4 Nf6 28.Qf3 d5 29.cxd5 exd5
30.e5 Ng8 31.Rxd5 Rxd5 32.Rxd5 Nge7 33.Rd6 a6 34.Rxd8 Qxd8 35.Nd6 Kg8 36.Qe4 b5
37.h5 g5 38.Ngf5 gxf4 39.Bxf4 Qb6+ 40.Be3 Qa5 41.Qg4 Qe1+ 42.Kh2 Ng6 43.hxg6 Bxe5+
44.Bf4 Bxf4+ 45.Qxf4 fxg6 46.Nxh6+ Kg7 47.Nhf7  1-0

[Event "New England Masters"]
[Site "Peabody USA"]
[Date "2007.08.14"]
[Round "3"]
[White "Enkin,M"]
[Black "Pruess,D"]
[Result "1-0"]
[WhiteElo "2213"]
[BlackElo "2424"]

1.e4 c5 2.Nf3 d6 3.Bb5+ Bd7 4.Bxd7+ Qxd7 5.c4 Nc6 6.d4 cxd4 7.Nxd4 Nf6 8.Nc3 Qg4
9.Qxg4 Nxg4 10.Nxc6 bxc6 11.Bf4 Rb8 12.h3 Ne5 13.Bxe5 dxe5 14.Na4 e6 15.Rd1 Rb4
16.b3 Rb8 17.Ke2 Ba3 18.Rd3 Ke7 19.Rhd1 Rhd8 20.Rxd8 Rxd8 21.Rxd8 Kxd8 22.c5 f5
23.f3 Ke7 24.Kd3 Kf6 25.Kc4 Bc1 26.Nc3 Bd2 27.b4 a6 28.a4 Ke7 29.b5 axb5+
30.axb5 Kd7 31.bxc6+ Kxc6 32.Na2 Ba5 33.Nb4+ Kd7 34.Kb5 Bc7 35.Ka6 Kc8 36.Nc6 g6
37.Ka7 Kd7 38.Kb7 f4 39.Na7 Ba5 40.Nb5 Ke7 41.c6 Kf6 42.c7 Bxc7 43.Kxc7 Kg5
44.Nc3  1-0

[Event "Romanian Open"]
[Site "Predeal ROM"]
[Date "2007.08.14"]
[Round "4"]
[White "Itkis,B"]
[Black "Paulet,I"]
[Result "1/2-1/2"]
[WhiteElo "2433"]
[BlackElo "2241"]

1.e4 c5 2.Nf3 d6 3.Bb5+ Bd7 4.Bxd7+ Qxd7 5.O-O Nc6 6.Qe2 Nf6 7.Rd1 g6 8.c3 Bg7
9.d4 cxd4 10.cxd4 d5 11.e5 Ne4 12.Nc3 Nxc3 13.bxc3 e6 14.Bg5 h6 15.Bf6 Bxf6
16.exf6 Qd8 17.Ne5 Qxf6 18.Qb5 Qe7 19.Nxc6 Qd7 20.Nxa7 Rxa7 21.Qc5 b6 22.Qxb6 O-O
23.Qb2 Rfa8 24.Rd3 Qe7 25.Qd2 Kg7 26.Rh3 Qg5 27.Re3 Ra3 28.g3 h5 29.h4 Qf5
30.Kg2 R8a7 31.Qe2 Qg4 32.Qd2 Qf5 33.Re2 R7a4 34.Rc1 Rxa2 35.Qxa2 Rxa2 36.Rxa2 Qe4+
37.f3 Qd3 38.Kf2 Kf6 39.Re2 Kf5 40.Rcc2 Qd1 41.Kg2 Qd3  1/2-1/2

[Event "Romanian Open"]
[Site "Predeal ROM"]
[Date "2007.08.15"]
[Round "6"]
[White "Itkis,B"]
[Black "Miron,L"]
[Result "1/2-1/2"]
[WhiteElo "2433"]
[BlackElo "2351"]

1.e4 c5 2.Nf3 d6 3.Bb5+ Bd7 4.Bxd7+ Qxd7 5.O-O Nc6 6.Qe2 Nf6 7.Rd1 Rc8 8.b3 g6
9.Bb2 Bg7 10.d4 cxd4 11.Nxd4 Nh5 12.c4 O-O 13.g3 Nxd4 14.Bxd4 Bxd4 15.Rxd4 b5
16.Na3 bxc4 17.Nxc4 Rc5 18.Rd5 Qb5 19.Rxc5 Qxc5 20.Rd1 Nf6 21.e5 dxe5 22.Qxe5 Qxe5
23.Nxe5 Rc8 24.Nc4 Kf8 25.Kf1 Ke8 26.Ke2  1/2-1/2

[Event "17th Chess Festival"]
[Site "Abu Dhabi UAE"]
[Date "2007.08.16"]
[Round "5"]
[White "Mahjoob,M"]
[Black "Khismatullin,D"]
[Result "1-0"]
[WhiteElo "2479"]
[BlackElo "2566"]

1.e4 c5 2.Nf3 d6 3.Bb5+ Nd7 4.d4 Nf6 5.O-O a6 6.Bxd7+ Nxd7 7.Nc3 e6 8.Bg5 f6
9.Bh4 Be7 10.dxc5 Nxc5 11.Nd4 Qb6 12.Rb1 a5 13.Kh1 O-O 14.f4 Re8 15.f5 Bf8
16.Qh5 Bd7 17.Rf3 Nxe4 18.Nxe4 Qxd4 19.Nxf6+ gxf6 20.Rg3+ Bg7 21.Qh6 Re7
22.Bxf6 Qxf6 23.Qxf6 Rf7 24.Qd4 exf5 25.Rf1 Re8 26.Qxd6 Bb5 27.Rxg7+ Kxg7
28.Qg3+ Kh8 29.Re1 Rfe7 30.Rxe7 Rxe7 31.h4 Bc6 32.h5 Re6 33.Kg1 a4 34.Qg5 Re2
35.g3 f4 36.h6  1-0

[Event "X Open"]
[Site "Banyoles ESP"]
[Date "2007.08.16"]
[Round "1"]
[White "Casanellas Ruano,L"]
[Black "Feller,S"]
[Result "0-1"]
[WhiteElo "2091"]
[BlackElo "2478"]

1.e4 c5 2.Nf3 d6 3.Bb5+ Nc6 4.O-O Bd7 5.d4 cxd4 6.Nxd4 Nf6 7.Qd3 e6 8.c4 Be7
9.Nc3 O-O 10.b3 Nb4 11.Qe2 e5 12.Nc2 Bg4 13.f3 Nxc2 14.Qxc2 Be6 15.Qd3 Rc8
16.Ba4 a6 17.Bg5 b5 18.cxb5 Rxc3 19.Qxc3 axb5 20.Bxb5 Qb6+ 21.Kh1 Qxb5 22.Bxf6 gxf6
23.f4 exf4 24.Rxf4 Qe5 25.Qg3+ Kh8 26.Re1 Rg8 27.Qf2 Bd8 28.Rf3 Ba5 29.Rf1 Qxe4
30.Re3 Qd4 31.Rg3 Qxf2 32.Rxg8+ Kxg8 33.Rxf2 d5 34.a3 Bc3 35.b4 d4 36.b5 d3
37.b6 d2 38.Rf1 Bb3  0-1

[Event "ch-Euro IBCA"]
[Site "Durham ENG"]
[Date "2007.08.16"]
[Round "3"]
[White "Voronin,Al"]
[Black "Zsiltzova Lisenko,L"]
[Result "0-1"]
[WhiteElo "2141"]
[BlackElo "2284"]

1.e4 c5 2.Nf3 d6 3.Bb5+ Bd7 4.Bxd7+ Qxd7 5.O-O Nc6 6.c3 Nf6 7.Re1 e6 8.d4 cxd4
9.cxd4 d5 10.e5 Ne4 11.Nbd2 Nxd2 12.Bxd2 Be7 13.Re3 O-O 14.Bc3 b5 15.b3 a5
16.Ne1 a4 17.Rb1 axb3 18.axb3 Ra2 19.Rh3 h6 20.Qg4 f5 21.exf6 Rxf6 22.Nd3 Bd6
23.Re3 Qf7 24.Rbe1 Rc2 25.Ba1 Rfxf2 26.Rxe6 Rxg2+ 27.Qxg2 Rxg2+ 28.Kxg2 Nb4
29.Nxb4 Bxb4 30.R1e5 Qf4 31.Bb2 Qg4+ 32.Kf2 Bd2 33.Re8+ Kh7 34.Rxd5 Qf4+
35.Kg2 Qg4+ 36.Kf2 Qh4+ 37.Kg1 Bf4 38.Re2 Qg4+ 39.Rg2 Be3+  0-1

[Event "New England Masters"]
[Site "Peabody USA"]
[Date "2007.08.16"]
[Round "6"]
[White "Vicary,E"]
[Black "Belliard,L"]
[Result "0-1"]
[WhiteElo "2148"]
[BlackElo "2232"]

1.e4 c5 2.Nf3 d6 3.Bb5+ Nd7 4.c3 a6 5.Ba4 Nf6 6.Qe2 e5 7.d4 Qc7 8.O-O Be7
9.Nbd2 O-O 10.Re1 Re8 11.Nf1 h6 12.Ng3 Bf8 13.d5 c4 14.h3 g6 15.Nh2 b5 16.Bc2 h5
17.Bg5 Nh7 18.Be3 Nc5 19.Qd2 a5 20.Bh6 Rb8 21.Bxf8 Rxf8 22.Qh6 Qe7 23.Nf3 Qf6
24.h4 b4 25.Qe3 b3 26.axb3 cxb3 27.Bd1 a4 28.Be2 Bd7 29.Nf1 Qe7 30.N1d2 f5
31.Qh6 Qg7 32.Qxg7+ Kxg7 33.exf5 Bxf5 34.Nc4 Rfd8 35.Rad1 Nf6 36.Ng5 Ne8
37.Na5 Rb6 38.Nc4 Rb7 39.Na5 Rc7 40.Bb5 Rb8 41.c4 Ra8 42.Bxe8 Rxe8 43.f3 Ra8
44.Nc6 a3 45.bxa3 Rxa3 46.Ne4 Bxe4 47.fxe4 Ra2 48.Rb1 Rc2 49.Re3 b2 50.Kh2 Rb7
51.Nd8 Rb4 52.Rf3 Rc1  0-1

[Event "New England Masters"]
[Site "Peabody USA"]
[Date "2007.08.16"]
[Round "6"]
[White "Enkin,M"]
[Black "Robson,R"]
[Result "0-1"]
[WhiteElo "2213"]
[BlackElo "2347"]

1.e4 c5 2.Nf3 d6 3.Bb5+ Bd7 4.Bxd7+ Qxd7 5.c4 Nf6 6.Nc3 g6 7.d4 cxd4 8.Nxd4 Bg7
9.f3 O-O 10.Be3 Rc8 11.b3 e6 12.Rc1 Nc6 13.O-O d5 14.cxd5 exd5 15.Nxc6 bxc6
16.Bd4 Qe7 17.Re1 dxe4 18.Bxf6 Bxf6 19.Nxe4 Rd8 20.Qe2 Bd4+ 21.Kh1 Rac8 22.Qc4 c5
23.Qa6 Re8 24.Qd6 Qxd6 25.Nxd6 Rxe1+ 26.Rxe1 Rd8 27.Nc4 Bf2 28.Rf1 Re8 29.g3 Re2
30.a4 Bd4 31.f4 h5 32.Rd1 Kg7 33.Rd2 Re1+ 34.Kg2 f6 35.Kf3 g5 36.fxg5 fxg5
37.h3 Kg6 38.g4 Rf1+ 39.Ke4 hxg4 40.hxg4 Rf4+ 41.Kd5 Rxg4 42.Rd3 Rf4 43.b4 Rf5+
44.Kc6 g4 45.Nd6 Rf3 46.Rd2 g3 47.bxc5 Bf2 48.Nc4 Rf6+ 49.Kb5 a6+ 50.Ka5 Be1
51.Ne5+ Kg7  0-1

[Event "Acropolis Open"]
[Site "Athens GRE"]
[Date "2007.08.17"]
[Round "4"]
[White "Kotrotsos,V"]
[Black "Exizoglou,D"]
[Result "1/2-1/2"]
[WhiteElo "2337"]
[BlackElo "2224"]

1.e4 c5 2.Nf3 d6 3.Bb5+ Nd7 4.d4 Nf6 5.O-O a6 6.Bxd7+ Nxd7 7.Nc3 e6 8.Bg5 Be7
9.Bxe7 Qxe7 10.dxc5 dxc5 11.e5 O-O 12.Qe2 b5 13.Ne4 Bb7 14.Rfd1 Rad8 15.Rd6 Bxe4
16.Qxe4 Nxe5 17.Rxd8 Nxf3+  1/2-1/2

[Event "Acropolis Open"]
[Site "Athens GRE"]
[Date "2007.08.17"]
[Round "4"]
[White "Svetushkin,D"]
[Black "Moutousis,K"]
[Result "0-1"]
[WhiteElo "2618"]
[BlackElo "2428"]

1.e4 c5 2.Nf3 d6 3.Bb5+ Bd7 4.Bxd7+ Qxd7 5.c4 Nf6 6.Nc3 Nc6 7.d4 cxd4 8.Nxd4 e6
9.O-O Be7 10.b3 O-O 11.Bb2 a6 12.a4 Rfd8 13.Rc1 Rac8 14.Kh1 b6 15.f4 Qb7
16.Rf3 Nxd4 17.Qxd4 b5 18.axb5 axb5 19.cxb5 d5 20.exd5 Nxd5 21.Qe4 Bf6 22.Rcf1 Rd7
23.Na4 Bxb2 24.Nxb2 Qxb5 25.Nc4 Nf6 26.Qe1 Rd5 27.Ne5 h6 28.Qa1 Qe2 29.h3 Rd2
30.R3f2 Qxf2 31.Rxf2 Rxf2 32.Qa7 Rf1+ 33.Kh2 Rf8 34.b4 Rb1 35.Nc6 Nd5 36.Qc5 g6
37.Qc2 Ra1 38.b5 Rfa8 39.Qb2 R1a2 40.Qe5 Re8 41.Qd4 Rc2 42.Qa4 Rb2 43.Ne5 Rc8
44.Nc6 Rc7 45.h4 h5 46.Kg1 Kh7 47.f5 gxf5 48.Qd1 Rxg2+ 49.Kh1 Rg4 50.Qe1 f6
51.Qf2 Rf4 52.Qe1 Rg7 53.Nd8 Rf3  0-1

[Event "ch-Euro IBCA"]
[Site "Durham ENG"]
[Date "2007.08.17"]
[Round "4"]
[White "Schellmann,F"]
[Black "Stolarczyk,An"]
[Result "1/2-1/2"]
[WhiteElo "2141"]
[BlackElo "2007"]

1.e4 c5 2.Nf3 d6 3.Bb5+ Bd7 4.Bxd7+ Qxd7 5.c4 g6 6.d4 cxd4 7.Nxd4 Bg7 8.Nc3 Nc6
9.Nde2 Nf6 10.f3 Rc8 11.O-O O-O 12.Bg5 h6 13.Be3 Kh7 14.Qd2 b6 15.Rad1 Qb7
16.b3 a6 17.a4 Na5 18.Rb1 Nd7 19.Nd5 Nc5 20.Qa2 Nc6 21.b4 Nd7 22.c5 dxc5
23.bxc5 b5 24.Rfd1 e6 25.axb5 axb5 26.Nb6 Nxb6 27.cxb6 b4 28.Nc1 Rfd8 29.Nb3 Ra8
30.Qe2 Ra3 31.Rxd8 Nxd8 32.Qc4 Nc6 33.Bc5 Ra6 34.Rd1 Rxb6 35.Bxb6 Qxb6+ 36.Kh1 Na5
37.Qc5 Qxc5 38.Nxc5 b3 39.Na4 Nc4 40.Rd7 b2 41.Rb7 g5 42.g3 Kg6 43.Kg2 Bd4  1/2-1/2

[Event "Independence Cup A"]
[Site "Kyiv UKR"]
[Date "2007.08.18"]
[Round "6"]
[White "Semenova,L"]
[Black "Brozhik,V"]
[Result "1-0"]
[WhiteElo "2236"]
[BlackElo "2164"]

1.e4 c5 2.Nf3 d6 3.Bb5+ Bd7 4.a4 Nc6 5.O-O Nf6 6.Re1 a6 7.Bf1 e6 8.c3 Be7
9.d4 cxd4 10.cxd4 O-O 11.Nc3 Na5 12.Bd2 Rc8 13.b3 Re8 14.Bd3 Nc6 15.Na2 Qb6
16.Bc3 Qc7 17.Rc1 Qb8 18.Qe2 Bf8 19.b4 e5 20.d5 Nd4 21.Nxd4 exd4 22.Bxd4 Rxc1
23.Rxc1 Nxe4 24.Qc2 Rc8 25.Qb1 f5 26.f3 Ng5 27.Bxf5 Rxc1+ 28.Nxc1 Qe8 29.Kf2 Bxa4
30.Be3 Qh5 31.Ne2 Nf7 32.Be6 Be8 33.Bf4 Kh8 34.Qc1 Ne5 35.Bxe5 dxe5 36.Qc8 h6
37.d6 Bxd6 38.Bd7 Bxb4 39.Qxe8+ Qxe8 40.Bxe8 b6 41.Ke3 Kg8 42.Ke4 Kf8 43.Bc6 Bd6
44.Nc3 b5 45.Nd5 Kf7 46.Bb7 a5 47.Bc6 b4 48.Ba4 g6 49.Ne3 Kg7 50.Nc4 Bc7
51.Ne3 g5 52.Kf5 Bd6 53.h3 Bc7 54.Nc4 Bd8 55.Bc2 Bc7 56.Ke6 a4 57.Bxa4 Kg6
58.Ne3 Kh5 59.g3  1-0

[Event "14th Ordix Open"]
[Site "Mainz GER"]
[Date "2007.08.18"]
[Round "2"]
[White "Lehmann,A"]
[Black "Ivanchuk,V"]
[Result "0-1"]
[WhiteElo "2248"]
[BlackElo "2762"]

1.e4 c5 2.Nf3 d6 3.Bb5+ Nd7 4.O-O Nf6 5.Re1 a6 6.Bf1 b6 7.d4 cxd4 8.Nxd4 Bb7
9.Nc3 e6 10.Kh1 Rc8 11.f4 Rxc3 12.bxc3 Nxe4 13.Rxe4 Bxe4 14.Bd3 Qa8 15.Qe2 Bxd3
16.cxd3 Be7 17.Ba3 Qd5 18.f5 e5 19.Nf3 O-O 20.Nd2 Nf6 21.Nc4 b5 22.Nxe5 Re8
23.Nf3 Bf8 24.Qd2 Qxf5 25.Nd4 Qd5 26.Rf1 Ng4 27.Qf4 Ne3 28.Rf3 Qxa2 29.Ne2 Nxg2  0-1

[Event "Open A"]
[Site "Polanica Zdroj POL"]
[Date "2007.08.18"]
[Round "2"]
[White "Panas,P"]
[Black "Zysko,J"]
[Result "0-1"]
[WhiteElo "2226"]
[BlackElo "2107"]

1.e4 c5 2.Nf3 d6 3.Bb5+ Bd7 4.Bxd7+ Qxd7 5.O-O Nf6 6.Re1 g6 7.e5 dxe5 8.Nxe5 Qc8
9.Nc3 Bg7 10.Nc4 Qd7 11.d3 O-O 12.Bg5 Nc6 13.Rb1 Rfe8 14.a3 e5 15.Bxf6 Bxf6
16.b4 cxb4 17.axb4 Nd4 18.Ne4 Bg7 19.c3 Nb5 20.Qb3 b6 21.Red1 Red8 22.Ra1 h6
23.Ra2 Kh7 24.f3 Qd5 25.Qc2 f5 26.Nf2 Rac8 27.Re1 Re8 28.Qc1 e4 29.fxe4 fxe4
30.Nxe4 Qxd3 31.Nb2 Qd5 32.c4 Qd4+ 33.Nf2 Nc3 34.Rxa7 Ne2+ 35.Rxe2 Rxe2 36.Nd3 Rxc4
37.Qa3 Qxf2+  0-1

[Event "Acropolis Open"]
[Site "Athens GRE"]
[Date "2007.08.19"]
[Round "6"]
[White "Svetushkin,D"]
[Black "Can,E"]
[Result "1-0"]
[WhiteElo "2618"]
[BlackElo "2411"]

1.e4 c5 2.Nf3 d6 3.Bb5+ Bd7 4.Bxd7+ Qxd7 5.c4 Nf6 6.Nc3 g6 7.d4 cxd4 8.Nxd4 Bg7
9.f3 O-O 10.Be3 Rc8 11.b3 a6 12.a4 Nc6 13.O-O Qd8 14.Nde2 Qa5 15.Qd2 Nd7
16.Rab1 h5 17.Rfd1 Kh7 18.Kh1 Rab8 19.Bg5 Qd8 20.Qe1 Bh6 21.Bxh6 Kxh6 22.f4 Kg7
23.Qg3 Qe8 24.h3 Nc5 25.Rd5 Qh8 26.e5 Nb4 27.Rdd1 dxe5 28.fxe5 Qh6 29.Nf4 Rd8
30.Ncd5 Nxd5 31.cxd5 Rbc8 32.Qe3 a5 33.Rd4 Qg5 34.Rf1 Kg8 35.Rf3 h4 36.e6 f5
37.Nxg6 Qxg6 38.Rxh4 Ne4 39.Rxe4 fxe4 40.Rg3 Qxg3 41.Qxg3+ Kh8 42.Qh4+ Kg8
43.Qxe7  1-0

[Event "X Open"]
[Site "Banyoles ESP"]
[Date "2007.08.19"]
[Round "4"]
[White "Gonzalez,Ren"]
[Black "Smits,S"]
[Result "1-0"]
[WhiteElo "2456"]
[BlackElo "2131"]

1.e4 c5 2.Nf3 d6 3.Bb5+ Bd7 4.a4 Nc6 5.d3 g6 6.O-O Bg7 7.Nbd2 Nf6 8.Re1 O-O
9.Nc4 d5 10.exd5 Nxd5 11.Bg5 a6 12.Bxc6 Bxc6 13.a5 f6 14.Be3 Nxe3 15.fxe3 Qc7
16.e4 e5 17.Qd2 Rad8 18.Qe3 Bd7 19.Nb6 Be6 20.c4 Rf7 21.Nd5 Qd6 22.Ra3 Rc8
23.Rf1 Qd8 24.Qd2 Bf8 25.Raa1 Rc6 26.h3 h5 27.Nh4 Kh7 28.Qe1 Bh6 29.Qg3 Bg5
30.Nxg6 Kxg6 31.h4 Qh8 32.hxg5 h4 33.Qe3 Bxd5 34.cxd5 Rc8 35.Rf5  1-0

[Event "17th Chess Festival"]
[Site "Abu Dhabi UAE"]
[Date "2007.08.20"]
[Round "9"]
[White "Venkatesh,M"]
[Black "Khismatullin,D"]
[Result "0-1"]
[WhiteElo "2443"]
[BlackElo "2566"]

1.Nf3 c5 2.e4 d6 3.Bb5+ Nc6 4.O-O Bd7 5.Re1 Nf6 6.c3 a6 7.Bf1 Bg4 8.d3 e6
9.h3 Bh5 10.g4 Bg6 11.g5 Nd7 12.Nh4 Be7 13.Qg4 Nde5 14.Qg3 h6 15.f4 hxg5
16.Nxg6 gxf4 17.Nxf4 Bh4 18.Qe3 Bxe1 19.Bg2 g5 20.Nh5 Rxh5 21.Qxe1 g4 22.hxg4 Qh4
23.Qxh4 Rxh4 24.Na3 Rxg4 25.Be3 Kd7 26.Rc1 Nxd3 27.Rd1 Nce5  0-1

[Event "Dato Arthur Tan Malaysian Op"]
[Site "Kuala Lumpur MAS"]
[Date "2007.08.20"]
[Round "1"]
[White "Tan,Ju"]
[Black "Zakaria,F"]
[Result "0-1"]
[WhiteElo "2281"]
[BlackElo "2225"]

1.e4 c5 2.Nf3 d6 3.Bb5+ Bd7 4.Bxd7+ Qxd7 5.c4 Nc6 6.d4 cxd4 7.Nxd4 g6 8.O-O Bg7
9.Be3 Nf6 10.Nc3 Ng4 11.Nc2 Nxe3 12.Nxe3 O-O 13.Kh1 Rac8 14.f4 Na5 15.Qd3 Nc6
16.e5 Rfd8 17.Rad1 Qe6 18.exd6 Rxd6 19.Ned5 Rcd8 20.Ne4 Nb4 21.Qf3 Nxd5 22.Nxd6 Ne3
23.Rfe1 Nxd1 24.Rxe6 fxe6 25.Qxd1 Rxd6 26.Qe2 b6 27.h4 Kf7 28.h5 Rd4 29.hxg6+ hxg6
30.g3 Rd6 31.Kg2 a5 32.a4 e5 33.fxe5 Re6 34.Qf3+ Ke8 35.Qa8+ Kf7 36.Qd5 Bxe5
37.b3 Bd6 38.g4 Kf6 39.g5+ Kf7 40.Qf3+ Kg7 41.Qd5 Re5 42.Qd4 Kf7 43.Qh4 Ke6
44.Qh3+ Rf5 45.Qh6 Ke5 46.Qxg6 Kf4 47.Qh6 Rxg5+ 48.Kh3 Kf5 49.Qf8+ Kg6 50.Qe8+ Kf6
51.Qf8+ Kg6 52.Qg8+ Kf6 53.Qf8+ Ke6 54.Qh6+ Kf5 55.Qf8+ Ke4 56.Qa8+ Kd4 57.Qh8+ Re5
58.Qh4+ Kd3 59.Qf2 Re3+ 60.Kg2 Re2 61.Qxe2+ Kxe2 62.Kh3 Kd3 63.Kg4 Kc3  0-1

[Event "Dato Arthur Tan Malaysian Op"]
[Site "Kuala Lumpur MAS"]
[Date "2007.08.20"]
[Round "1"]
[White "Inoue,S"]
[Black "Nolte,R"]
[Result "0-1"]
[WhiteElo "2031"]
[BlackElo "2396"]

1.e4 c5 2.Nf3 d6 3.Bb5+ Bd7 4.Bxd7+ Qxd7 5.O-O Nc6 6.c3 Nf6 7.Re1 e6 8.d4 cxd4
9.cxd4 d5 10.e5 Ne4 11.Nbd2 Nxd2 12.Bxd2 Be7 13.Rc1 O-O 14.Rc3 Rac8 15.a3 Rc7
16.h4 Rfc8 17.Rd3 b5 18.Ng5 h6 19.Nh3 Bf8 20.Qg4 Kh8 21.Nf4 Ne7 22.Nh5 Nf5
23.Qf4 Rc2 24.Bc3 a5 25.g4 Nxh4 26.g5 Nf5 27.gxh6 g6 28.Nf6 Qd8 29.Rd2 Bxh6
30.Qh2 R8xc3 31.Rxc2 Rxc2  0-1

[Event "IV RUS-CHN Match"]
[Site "Nizhniy Novgorod RUS"]
[Date "2007.08.20"]
[Round "1"]
[White "Kovalevskaya,E"]
[Black "Huang Qian"]
[Result "1/2-1/2"]
[WhiteElo "2454"]
[BlackElo "2410"]

1.e4 c5 2.Nf3 d6 3.Bb5+ Nc6 4.O-O Bd7 5.Re1 Nf6 6.c3 a6 7.Bf1 Bg4 8.h3 Bxf3
9.Qxf3 g6 10.Na3 Bg7 11.Nc2 Nd7 12.Qg3 O-O 13.Ne3 b5 14.d3 Kh8 15.Bd2 Rb8
16.Nd5 e6 17.Ne3 Nb6 18.Rac1 b4 19.cxb4 Nxb4 20.a3 Nc6 21.b4 Na4 22.bxc5 Nxc5
23.Bc3 Nd4 24.Nc4 Ncb3 25.Rb1 Nf3+ 26.gxf3 Bxc3 27.Red1 e5 28.f4 f6 29.d4 exd4
30.e5 d5 31.Nd6 Nd2 32.Rxb8 Qxb8 33.Bg2 Nc4 34.Nxc4 dxc4 35.e6 Qd6 36.f5 Qxg3
37.fxg3 Rc8 38.Bb7 Rc7 39.Bxa6 gxf5 40.Kg2 Kg7 41.Rb1 Kf8 42.Rb7 Rxb7 43.Bxb7 Ba5
44.Ba6 c3 45.Bd3 Ke7 46.Kg1  1/2-1/2